Justice Society of America Founders - Statistics

General Stats
  • This quiz has been taken 21 times
  • The average score is 7 of 8
Answer Stats
Answer % Correct
Doctor Fate
90%
Flash
90%
Green Lantern
90%
Atom
85%
Hawkman
85%
Hourman
80%
Sandman
80%
Spectre
60%
No matching quizzes found
Score Distribution
Percent of People with Each Score
Percentile by Number Answered
Your Score History
You have not taken this quiz